000 00309nam a22001217a 4500
003 OSt
008 150208b xxu||||| |||| 00| 0 eng d
100 1 _aPetersham, Maud and Miska
041 _aeng
245 1 0 _aAmerica's Stamps
246 1 0 _aThe Story of One Hundred Years of U.S. Postage Stamps
300 _a0 pages
999 _c639
_d639